Mutiara HITAM

Bibliographic Details
Main Author: Tiffirah (Author)
Other Authors: Anida Daud (Editor)
Format: Book
Language:Malay
Published: Puchong, Selangor : Anggun Melor Sdn. Bhd. 2019
Edition:First edition
Subjects:

MARC

LEADER 00000cam a2200000 7i4500
001 0000029606
005 20241128.0
008 211228 my may
020 |a 9789671537275 
040 |a INS   |b eng   |e rda 
090 0 0 |a PL5186.T54   |b M88 2019 
100 0 |a Tiffirah ,   |e author 
245 1 0 |a Mutiara HITAM   |c TIFFIRAH ; Editor: Anida Daud 
250 |a First edition 
264 1 |a Puchong, Selangor :   |b Anggun Melor Sdn. Bhd.   |c 2019 
300 |a 289 pages ;   |c 19 cm. 
336 |a text  |2 rdacontent 
337 |a unmediated  |2 rdamedia 
338 |a volume  |2 rdacarrier 
650 0 |a Malay fiction 
700 0 |a Anida Daud ,   |e editor 
999 |a 1000004462   |b BOOK   |c Open Shelf   |e Default branch